Anthropologias Sacre Disputatio VI. Ad Statum Corruptionis pertinens, De Peccati Originalis Essentia Et Definitione

Bibliographic Details
Main Author: Meisner, Balthasar, 1587-1626 (Author)
Corporate Author: Gormann, Johann (Wittenberg, Nemecko) (Printer)
Other Authors: Pauspertel, Augustin (Dissertant)
Format: Book
Language:Latin
PhysicalDescription:[42] strán 20 cm
Published: Vvittebergae E Typographeo Joh. Gormanni Anno 1612
Subjects:

MARC

LEADER 00000nam a2200000 a 4500
001 vtls011745695
003 SK-MaSNL
005 20260301182920.0
008 251112s1612 gw 000 0 lat
015 |a SNBHFA1612 
035 |a urn:nbn:sk:snk-am00dwu9 
035 |a urn:nbn:sk:snk-am3i804 
035 |a 6F279944-841B-41AA-8E56-7B74EDB270B6 
040 |a SNKHF  |b slo  |c SNK  |e AACR2 
041 0 |a lat 
044 |a gw  |c DE 
072 7 |a 2  |x Náboženstvo  |2 konspekt 
080 |a 21/29-1/-9  |2 2011 
080 |a 2-1  |2 2011 
080 |a 378.245  |2 2001 
080 |a 27-185.3  |2 2011 
100 1 |a Meisner, Balthasar,  |d 1587-1626  |4 aut  |9 296837 
245 1 0 |a Anthropologias Sacre Disputatio VI. Ad Statum Corruptionis pertinens, De Peccati Originalis Essentia Et Definitione  |c sub Praesidio Balth. Meisneri Th. D. ; Respondente Augustino Pauspertel 
260 |a Vvittebergae  |b E Typographeo Joh. Gormanni  |c Anno 1612 
300 |a [42] strán  |c 20 cm 
500 |a Kustódy, ozdobné iniciálky na 3 riadky 
501 |a Príväzok 5. k: MEISNER, Balthasar. [Anthropologias Sacrae Disputatio I. Ad Statum Reparationis Pertinens]. [Wittebergae]: [Ex officina Johannis Gormanni], [Anno M. DC. XII.] [=1612].  |5 SNK ID 100142 
504 |a Tlačené marginálie 
546 |a Latinčina  |b Antikva 
561 |a Z knižnice Učenej spoločnosti malohontskej.  |5 SNK ID 100142/prív.5 
650 0 7 |a teológia  |2 SNKPH  |9 1814 
650 0 7 |a dizertácie  |2 SNKPH  |9 4040 
650 0 7 |a hriech  |2 SNKPH  |9 1937 
700 1 |a Pauspertel, Augustin  |4 dis  |9 557445 
710 2 |a Učená spoločnosť malohontská  |4 fmo  |9 205374 
710 0 |a Gormann, Johann (Wittenberg, Nemecko)  |4 prt  |9 349068 
752 |a Nemecko  |d Witteneberg 
852 |a snk  |b Historické fondy  |p ID 100142/prív.5 
958 |a ONDV 
999 |c 855239  |d 857169 
952 |t MHC II.B.e.XXI  |a SNK  |b SNK  |c SNK_HF  |y PREZ  |7 0  |p 17A1299906  |o snkID 100142/prív.5  |i snk2018/6015  |8 5  |0 0  |1 0  |4 0  |d 2018-03-12  |f 1  |l 0  |r 2026-02-24 04:54:30  |w 2026-02-24